00704cam a2200205 a 450000100100000000500170001000800410002702000150006804000180008308200180010110000440011924500500016326000330021330000200024665000300026665000320029691000340032895201210036299900150048300000986220200929161733.0000529s2000 ve 000 0 spa  a9800763929 aDO-SdBNPcDLC aV861.44bY22a1 aYánez Marín, Elías José.92480010aAnomalía /cElías José Yánez Marín. aCaracas :bRajatabla,c2000. a77 p. ;c22 cm. 4aPoesía venezolana94230 4aLiteratura venezolana93816 aCatalogación por copia / LC 001052708MOaGRbGRcCTd2009-10-01iLF1l0oV861.44 Y22ap9862-10r2020-06-25w2020-06-25y2ZPréstamo interno c9621d9621